Sài Gòn mai gọi nhau bằng cưng Tản văn

Đã lưu trong:
Sonraí Bibleagrafaíochta
Príomhúdar: Hạ Dung
Formáid: Leabhar
Teanga:Undetermined
Foilsithe: Tp. Hồ Chí Minh Nxb. Trẻ 2014
Ábhair:
Rochtain Ar Líne:http://lrc.tdmu.edu.vn/opac/search/detail.asp?aID=2&ID=23687
Clibeanna: Cuir Clib Leis
Gan Chlibeanna, Bí ar an gcéad duine leis an taifead seo a chlibeáil!
Thư viện lưu trữ: Trung tâm Học liệu Trường Đại học Thủ Dầu Một
LEADER 00654nam a2200205Ia 4500
001 TDMU_23687
008 210410s9999 xx 000 0 und d
082 |a 895.9228408 
090 |b H100 
100 |a Hạ Dung 
245 0 |a Sài Gòn mai gọi nhau bằng cưng 
245 0 |b Tản văn 
245 0 |c Hạ Dung 
260 |a Tp. Hồ Chí Minh 
260 |b Nxb. Trẻ 
260 |c 2014 
300 |a 159 tr. 
650 |a Văn học  |z Việt Nam; Văn xuôi Việt Nam  |y Thế kỷ 21 
856 |u http://lrc.tdmu.edu.vn/opac/search/detail.asp?aID=2&ID=23687 
980 |a Trung tâm Học liệu Trường Đại học Thủ Dầu Một